00634nam a2200217Ia 4500003000900000008004100009040001300050040001300063041000800076100002000084245003400104250001000138260000900148260000900157300001100166300001000177490000600187942000700193999001700200952019900217IT-RoPAU120407s9999 xx 000 0 und d aIT-RoPAU cIT-RoPAU afra aLeonidas Proano aPour une Eglise libératrice aParis aCerf c1973 a105 p. c19 cm v1 cBK c24159d24159 00102ddc406282_16000000000000071aPAULUSbPAULUSd2012-04-11l0o282.16r2012-04-11 00:00:00w2012-04-11yBKzInserito da: Mario In data: 19 settembre 2011 fondo: Via A.Severo 56 Progr:29474